| 000 | 01035nam0a2200313 4500 | ||
|---|---|---|---|
| 001 | RU\NLR\bibl\180871 | ||
| 005 | 20250618062851.0 | ||
| 010 |
_a5-7024-1119-6 _951000 |
||
| 021 |
_aRU _b2000-50208 _92314 |
||
| 035 | _a(NLR Aleph) 000177542 | ||
| 090 |
_a1024401 _c1024401 |
||
| 100 | _a20010905d2000 |||y0rusy50 ca | ||
| 101 | 1 |
_arus _ceng |
|
| 102 | _aRU | ||
| 105 | _ay ||||||||| | ||
| 200 | 1 |
_aСемейное счастье _eРоман _fЛюси Рэдкомб _g[Пер. с англ. Н.Ф. Орловой] |
|
| 210 |
_aМ. _cПанорама _d2000 |
||
| 215 |
_a182,[1] с. _d16 |
||
| 225 | 1 | _aПанорама романов о любви | |
| 311 | _aЛит.-худож. прил. к междунар. журн. "Панорама" | ||
| 422 | 0 |
_12001#$aПанорама _tПанорама |
|
| 686 | _aШ6(4Вл)67-440.4 | ||
| 700 | 1 |
_aРэдкомб _bЛ. _gЛюси _4070 |
|
| 801 | 0 |
_aRU _bNLR _c20010905 _gPSBO |
|
| 801 | 1 |
_aRU _bNLR _c20010905 |
|
| 942 | _cBOOK | ||
| 980 | _aNB | ||